| Tag |
First Indicator |
Second Indicator |
Subfields |
| LEADER |
00000cam a2200000Ma 4500 |
| 001 |
in00004644591 |
| 006 |
m o d |
| 007 |
cr cn||||||||| |
| 008 |
031014s2004 vaua ob 001 0 eng d |
| 005 |
20230129214428.7 |
| 035 |
|
|
|a (OCoLC)ocn708564376
|
| 040 |
|
|
|a E7B
|b eng
|e pn
|c E7B
|d OCLCQ
|d N$T
|d OCLCQ
|d OCLCA
|d OCLCF
|d YDXCP
|d COO
|d OCLCQ
|d UIU
|d OCLCQ
|d OCLCA
|d NWQ
|d WYU
|d AU@
|d OCLCQ
|d OCLCO
|
| 019 |
|
|
|a 764550243
|a 870412476
|a 1066555342
|
| 020 |
|
|
|a 9780784471043
|q (electronic bk.)
|
| 020 |
|
|
|a 0784471045
|q (electronic bk.)
|
| 020 |
|
|
|z 0784407037
|q (pbk.)
|
| 020 |
|
|
|z 9780784407035
|
| 035 |
|
|
|a (OCoLC)708564376
|z (OCoLC)764550243
|z (OCoLC)870412476
|z (OCoLC)1066555342
|
| 037 |
|
|
|a 40703
|b 00001678
|
| 043 |
|
|
|a n-us---
|
| 050 |
|
4 |
|a TH891
|b .M45 2004eb
|
| 072 |
|
7 |
|a TEC
|x 063000
|2 bisacsh
|
| 082 |
0 |
4 |
|a 624.1/72/021873
|2 22
|
| 049 |
|
|
|a TXAM
|
| 100 |
1 |
|
|a Mehta, Kishor C.
|
| 245 |
1 |
0 |
|a Guide to the use of the wind load provisions of ASCE 7-02 /
|c Kishor C. Mehta, James Delahay.
|
| 260 |
|
|
|a Reston, Va. :
|b American Society of Civil Engineers,
|c ©2004.
|
| 300 |
|
|
|a 1 online resource (xiii, 126 pages) :
|b illustrations
|
| 336 |
|
|
|a text
|b txt
|2 rdacontent
|
| 337 |
|
|
|a computer
|b c
|2 rdamedia
|
| 338 |
|
|
|a online resource
|b cr
|2 rdacarrier
|
| 500 |
|
|
|a Revised edition of: Guide to the use of the wind load provisions of ASCE 7-98. c2001.
|
| 504 |
|
|
|a Includes bibliographical references and index.
|
| 588 |
0 |
|
|a Print version record.
|
| 520 |
8 |
|
|a "Guide to the Use of the Wind Load Provisions of ASCE 7-02 assists professionals in the use of wind load provisions of ASCE Standard 7-02. This revision of Guide to the Use of the Wind Load Provisions of ASCE 7-98 includes the significant changes made to the wind load provisions of ASCE 7-02, Section 6. The changes are incorporated in 12 wind load scenarios with detailed explanations in the examples on how they should be solved. In addition, 31 frequently asked questions will help professionals interpret the provisions of ASCE 7-02. This Guide is essential for practicing engineers and architects."--BOOK JACKET. Title Summary field provided by Blackwell North America, Inc. All Rights Reserved.
|
| 505 |
0 |
|
|a Chapter 1 Introduction -- Chapter 2 Wind Load Provisions -- Chapter 3 Examples -- Chapter 4 Frequently Asked Questions.
|
| 650 |
|
0 |
|a Wind-pressure.
|
| 650 |
|
0 |
|a Buildings
|x Standards
|z United States.
|
| 650 |
|
0 |
|a Buildings
|x Aerodynamics.
|
| 650 |
|
0 |
|a Gust loads.
|
| 650 |
|
0 |
|a Structural engineering.
|
| 650 |
|
6 |
|a Pression du vent.
|
| 650 |
|
6 |
|a Constructions
|x Normes
|z États-Unis.
|
| 650 |
|
6 |
|a Constructions
|x Aérodynamique.
|
| 650 |
|
6 |
|a Technique de la construction.
|
| 650 |
|
7 |
|a wind loads.
|2 aat
|
| 650 |
|
7 |
|a structural engineering.
|2 aat
|
| 650 |
|
7 |
|a TECHNOLOGY & ENGINEERING
|x Structural.
|2 bisacsh
|
| 650 |
|
7 |
|a Buildings
|x Aerodynamics.
|2 fast
|0 (OCoLC)fst00840967
|
| 650 |
|
7 |
|a Buildings
|x Standards.
|2 fast
|0 (OCoLC)fst00841161
|
| 650 |
|
7 |
|a Gust loads.
|2 fast
|0 (OCoLC)fst00949518
|
| 650 |
|
7 |
|a Structural engineering.
|2 fast
|0 (OCoLC)fst01135658
|
| 650 |
|
7 |
|a Wind-pressure.
|2 fast
|0 (OCoLC)fst01175736
|
| 651 |
|
7 |
|a United States.
|2 fast
|0 (OCoLC)fst01204155
|
| 655 |
|
7 |
|a Electronic books.
|2 local
|
| 700 |
1 |
|
|a Delahay, James.
|
| 730 |
0 |
|
|a ASCE Library.
|
| 776 |
0 |
8 |
|i Print version:
|a Mehta, Kishor C.
|t Guide to the use of the wind load provisions of ASCE 7-02.
|d Reston, Va. : American Society of Civil Engineers, ©2004
|w (DLC) 2003063552
|
| 800 |
1 |
|
|a Mehta, Kishor C.
|t Guide to the use of the wind load provisions of ASCE 7-98.
|
| 856 |
4 |
0 |
|u http://proxy.library.tamu.edu/login?url=https://ascelibrary.org/doi/book/10.1061/9780784407035
|z Connect to the full text of this electronic book
|t 0
|
| 955 |
|
|
|a ASCE ebooks
|
| 994 |
|
|
|a 92
|b TXA
|
| 999 |
f |
f |
|s d5a61a28-1022-4501-ac57-6fcebc18f487
|i d6a94a3a-8c65-406d-b5bc-fb620a01d2d6
|t 0
|
| 952 |
f |
f |
|a Texas A&M University
|b College Station
|c Electronic Resources
|d Available Online
|t 0
|e TH891 .M45 2004eb
|h Library of Congress classification
|
| 998 |
f |
f |
|a TH891 .M45 2004eb
|t 0
|l Available Online
|